000 00332nam a22001457a 4500
008 210531b ||||| |||| 00| 0 eng d
020 _a9780321418432
041 _aeng
080 _26th
_a330.101.542
082 _a330.101.542
100 _a52
101 _aMIKRO
245 _aMicroeconomics
_cMichael Parkin
942 _2udc
_cBK
999 _c57840
_d57840